[Event "FRA-chT 0102 U18"]
[Site "France"]
[Date "2002.01.06"]
[Round "7.9"]
[White "Sochacki, Christophe"]
[Black "Levy, Melvin"]
[Result "1-0"]
[WhiteElo "1009"]
[BlackElo "1090"]
[PlyCount "85"]
[EventDate "2001.10.??"]
[EventType "team"]
[EventRounds "11"]
[EventCountry "FRA"]
[SourceTitle "EXT 2003"]
[Source "ChessBase"]
[SourceDate "2002.11.25"]
[SourceVersion "1"]
[SourceVersionDate "2002.11.25"]
[SourceQuality "1"]
[WhiteTeam "AECE"]
[BlackTeam "Nice"]
[WhiteTeamCountry "FRA"]
[BlackTeamCountry "FRA"]

1. e4 e5 2. Nf3 Nc6 3. Bb5 Nf6 4. Bxc6 bxc6 5. Nxe5 Nxe4 6. Qe2 d5 7. d3 f6 8. Nxc6 Qd6 9. dxe4 Qxc6 10. exd5+ Be7 11. dxc6 Kf7 12. 0-0 Rd8 13. Nc3 Rd6 14. Re1 Re6 15. Qc4 Rb8 16. Rxe6 Bxe6 17. Qa6 Bc5 18. Be3 Bb6 19. Bxb6 axb6 20. Qe2 Re8 21. Nb5 Bxa2 22. Qxe8+ Kxe8 23. Rxa2 Kd8 24. Ra8+ Ke7 25. Nxc7 Kd6 26. Rh8 Kxc7 27. Rxh7 Kxc6 28. Rxg7 b5 29. Rg6 Kc5 30. Rxf6 b4 31. Rf4 Kb5 32. h4 Ka4 33. Rf5 b3 34. cxb3+ Kb4 35. h5 Kxb3 36. Rf4 Kxb2 37. Rf3 Kc2 38. h6 Kd2 39. h7 Kc2 40. h8Q Kd2 41. Qc3+ Ke2 42. Re3+ Kd1 43. Re1# 1-0

[Event "FRA-chT 0102 U18"]
[Site "France"]
[Date "2001.11.24"]
[Round "1.7"]
[White "Tosello, Mickael"]
[Black "Levy, Melvin"]
[Result "1-0"]
[WhiteElo "1700"]
[BlackElo "1090"]
[PlyCount "57"]
[EventDate "2001.10.??"]
[EventType "team"]
[EventRounds "11"]
[EventCountry "FRA"]
[SourceTitle "EXT 2003"]
[Source "ChessBase"]
[SourceDate "2002.11.25"]
[SourceVersion "1"]
[SourceVersionDate "2002.11.25"]
[SourceQuality "1"]
[WhiteTeam "Cannes"]
[BlackTeam "Nice"]
[WhiteTeamCountry "FRA"]
[BlackTeamCountry "FRA"]

1. e4 e5 2. Nf3 Nc6 3. Bb5 Nf6 4. 0-0 Bc5 5. d3 0-0 6. Bxc6 dxc6 7. Nxe5 Re8 8. Nf3 Bg4 9. Bg5 Be7 10. Nbd2 h6 11. Be3 Bxf3 12. Qxf3 Nd7 13. Qe2 Bg5 14. f4 Bh4 15. Qg4 g6 16. e5 h5 17. Qf3 b6 18. Qxc6 Qe7 19. g3 Nb8 20. Qxa8 c6 21. gxh4 Qxh4 22. Qxa7 Qg4+ 23. Kh1 f6 24. Rae1 fxe5 25. fxe5 Nd7 26. Ne4 Nxe5 27. Nf6+ Kf8 28. Nxg4+ Kg8 29. Nxe5 1-0